00378nam a2200109Ia 4500082001800000245002900018100006100047942000700108008004100115999001700156952009500173 aJ 629.45 INGE 0aHuman space exploration  a INGEBRETSEN, Karen Chicago, IL, 2007 2nd ed 916757 cBK210816s9999 xx 000 0 und d c81158d81157 00104070aHLHLLbHLHLLd2021-08-17g67.00l0p33228023049628r2021-08-17w2021-08-17yBK